000 00343nam a2200133Ia 4500
005 20260328101443.0
008 260328s9999||||xx |||||||||||||| ||und||
100 _aGehl, Jan
245 0 _aLife between Buildings :
_b Using Public Space /
_cJan Gehl
260 _bArkitektens Forlag
300 _a202 p.
650 _aDISEÑO URBANO
942 _cBK
999 _c8339
_d8339